000
00274nam a22001217a 4500
008
190205b xxu||||| |||| 00| 0 eng d
041
_a
eng
080
_a
616
100
_a
9
101
_a
PAT
245
_a
General Pathology a programmed text
_c
Kent,Th.H
942
_2
udc
_c
BK
999
_c
53944
_d
53944